[Event "Sufe Cup"]
[Site "Shanghai"]
[Date "2000.03.10"]
[Round "8"]
[White "Filippov, Valerij"]
[Black "Bologan, Viktor"]
[Result "0-1"]
[WhiteElo "2584"]
[BlackElo "2589"]
[Annotator "Stohl,I"]
[PlyCount "134"]
[EventDate "2000.03.03"]
[EventType "tourn"]
[EventRounds "13"]
[EventCountry "CHN"]
[EventCategory "13"]
[SourceTitle "CBM 076"]
[Source "ChessBase"]
[SourceDate "2000.05.31"]
[SourceVersion "1"]
[SourceVersionDate "2000.05.31"]
[SourceQuality "1"]

1. Nf3 Nf6 2. c4 g6 3. d4 Bg7 4. g3 O-O 5. Bg2 d6 6. Nc3 Nc6 7. O-O a6 8. d5
Na5 9. Nd2 c5 10. Qc2 Rb8 11. b3 b5 12. Rb1 h5 $5 {An interesting concept.
Black takes White's central space advantage into account and plays on both
flanks. This flexible move avoids any premature commitment.} ({Black's main
alternative is} 12... e5 {More promising is} 13. dxe6 $5 (13. cxb5 axb5 14. b4
cxb4 15. Rxb4 Bd7 $5 16. Ba3 (16. Qd3 $142) 16... Ne8 17. Rfb1 Rc8 18. e4 Qc7
19. Bb2 Qc5 20. Ba1 f5 21. Qd1 f4 22. Qe2 fxg3 23. hxg3 Bh6 24. Nf1 Nc4 $15 {
Rogozenko,D-Khalifman,A/Bad Wiessee op/1998/}) 13... Bxe6 14. Nd5 Nxd5 15. cxd5
Bg4 16. h3 Bd7 17. Bb2 Bxb2 18. Qxb2 Re8 19. Rbe1 c4 20. b4 Nb7 21. Kh2 f6 22.
e4 Qe7 23. f4 Nd8 24. Nf3 Nf7 25. Nd4 Rbc8 26. Qc3 Qd8 27. h4 $16 {Pavlovic,
M-Socko,B/ICC/2000/}) (12... bxc4 13. bxc4 Rxb1 14. Qxb1 Bd7 15. Qc2 Qc7 16.
Bb2 Rb8 17. Rb1 Ng4 18. Nd1 Bxb2 19. Nxb2 e5 20. h3 Nf6 21. Nd3 Rxb1+ 22. Qxb1
Nh5 23. g4 Nf6 24. e3 Ne8 25. f4 f6 26. Qb2 $14 {Rogozenko,D-Iordachescu,V/
Bucharest/ 1998/}) (12... Qc7 13. Bb2 Bf5 14. e4 Bd7 15. h3 bxc4 16. bxc4 e5
17. Ne2 Rb4 18. a3 Ba4 19. Qd3 Rbb8 20. Bc3 Nd7 21. Rxb8 Rxb8 22. Rb1 Rxb1+ 23.
Qxb1 Nb7 24. Nc1 Qb6 25. Ncb3 Bh6 $11 {Georgiev,K-Milov,V/FIDE-WCh Groningen/
1997/}) (12... Bh6 13. f4 e5 14. dxe6 Bxe6 15. Nd5 Bg7 16. Nxf6+ Bxf6 17. cxb5
axb5 18. Ne4 Bg7 19. Bb2 Bf5 20. Bxg7 Kxg7 21. Qc3+ f6 22. Rbd1 Bxe4 23. Bxe4
b4 24. Qd3 Rb6 25. Rd2 Qe7 26. Bf3 Nb7 27. Rfd1 Nd8 28. Bd5 Re8 29. Kf2 Ne6
$132 {Cvitan,O-Polzin,R/Oberwart op/1992/}) 13. Bb2 (13. h3 e5 14. cxb5 (14. e4
h4 $5 15. g4 Bh6 $13) 14... axb5 15. b4 cxb4 16. Rxb4 Bd7 17. Ba3 Qc8 18. Kh2
Qa6 19. Bb2 Rfc8 20. Qd3 Nb7 21. f4 Nc5 22. Qf3 {Sorokin,M-Bologan,V/Calcutta/
1999/} Qa5 23. a3 e4 $11) 13... Bf5 $5 {Morozevich's idea, Black invests a
tempo just to rob White of the e4-square.} ({A couple of times Black has played
} 13... h4 14. Nce4 $5 (14. Nd1 e5 15. e4 Bh6 16. Bc3 h3 (16... bxc4 17. bxc4
Rxb1 18. Qxb1 hxg3 19. hxg3 Bg4 20. Qd3 Nh5 21. Ne3 Bd7 22. Rb1 f5 23. exf5
gxf5 24. Qe2 Be8 25. Bh3 $40 {Cvitan,O-Giertz,N/Mendrisio/1988/}) 17. Bh1 Ng4
$132) (14. e4 bxc4 15. bxc4 e5 16. Ne2 h3 17. Bh1 Ng4 18. Bc3 Rxb1 19. Rxb1 Bd7
20. Qb2 Bh6 21. f4 exf4 22. Nxf4 Ne5 $132 {Gauglitz,G-Haba,P/Halle/1987/})
14... Bf5 15. Nxf6+ Bxf6 16. e4 Bd7 17. Bxf6 (17. cxb5 $6 axb5 18. e5 Bxe5 19.
Bxe5 dxe5 20. Qxc5 h3 21. Bh1 Bf5 22. Rbc1 f6 23. Qb4 Nb7 24. Qxb5 Nd6 25. Qe2
Nb5 $36 {Rogozenko,D-Fedorov,A/Kishinev/1998/}) 17... exf6 18. f4 $14 {[%csl
Gc4,Gd5,Ge4,Gf4] [+]}) 14. e4 Bd7 15. Nd1 bxc4 $146 {I like Morozevich's
original move more, Black can always take on c4 later.} (15... e5 16. dxe6 (16.
f4 exf4 17. gxf4 bxc4 18. bxc4 Rxb2 $5 19. Rxb2 Ng4 $36) (16. Ne3 $11) 16...
Bxe6 17. f4 $2 Nc6 18. a3 Nd4 19. Qd3 bxc4 20. bxc4 h4 21. Nc3 h3 22. Bf3 Ng4
23. Ba1 Qa5 24. Rxb8 Rxb8 25. Ne2 Nxf3+ 26. Nxf3 Bxc4 $1 27. Qxc4 Qxa3 28. Qc1
Qd3 29. Nc3 Bd4+ 30. Kh1 Bxc3 31. Bxc3 Qe2 {0-1,Burmakin,V-Morozevich,A/
Omsk-Perm 1998/}) 16. bxc4 e5 $1 17. Ne3 (17. Bc3 $5 Qc7 (17... Rxb1 18. Qxb1
Bh6 19. f4 $5 $14 (19. Qc2 Qc7 $132) 19... h4 20. fxe5 {/\} Bxd2 $2 21. Bxd2
Nxc4 22. Bg5 $18) 18. Nb2 {[%cal Yb2d3] /\Nd3+/=}) 17... Ng4 $1 18. Nxg4 hxg4
$11 {Due to the changed pawn structure White's >> attacking chances have
vanished, in the blockaded position he will have enough time to improve his
פa5.} 19. Bc3 Qc7 20. Rxb8 Rxb8 21. Rb1 Rxb1+ 22. Qxb1 Bh6 23. Bf1 Bg5 ({
More logical was the immediate} 23... Nb7 24. Qb3 Bg5 25. Qa3 a5 $11) 24. h3 {
White's only chance for active play.} gxh3 25. Kh2 Nb7 (25... Bxd2 26. Bxd2 Nb7
27. f4 $5 $13) 26. Bxh3 (26. Nf3 $142) 26... Bxh3 27. Kxh3 Nd8 (27... Bxd2 $5
28. Bxd2 f6 $11) 28. Kg2 $6 {[%mdl 4096] White had his last chance to keep the
N on the board, without it Black is out of danger and will proceed to outplay
his opponent.} (28. Nf3 $142 Bh6 29. Kg2 {[%cal Yf3e1,Ye1d3,Yf2f4] /\Ne1-d3,
f4=/+/=}) 28... Bxd2 $1 29. Bxd2 f6 $11 30. Qb3 Nf7 31. Kf3 (31. Qa4 $142 Qb6
32. Qb3 $11) 31... Kg7 32. Ke2 $6 Qc8 $1 33. Qd3 Qh3 34. Kd1 Qg2 $36 {Black
has activated his Q and tied White down to the defence of Pe4. As his Pd6 is
well protected, he can gradually start to improve his position on the >>.} (
34... f5 $5 35. exf5 gxf5 $15) 35. Be3 g5 $1 36. Kd2 Qh1 37. Ke2 Kg6 (37... g4
38. Bd2 $11 {Black needs the g4-square in the future for his N or even K,
after g4 his N wouldn't get to h6 without an exchange.}) 38. Bd2 (38. g4 $2 Qg2
$17) 38... Nh6 39. Be1 f5 40. exf5+ Kf6 $1 (40... Nxf5 $2 41. g4 $18) 41. Ba5 (
41. Kd2 Nxf5 42. Qa3 e4 (42... Nd4 43. Qxa6 Nf3+ 44. Ke3 $14) 43. Qxa6 Qf3 $44)
41... e4 42. Qc3+ Kxf5 43. Qg7 (43. Bc7 $5 Nf7 44. Qg7 Qh5+ (44... Qf3+ 45. Kf1
$1 {/\ White must cover g2.} (45. Ke1 Kg4 $1) 45... Kg4 46. Qg6 Kh3 47. Qh7+)
45. Ke1 (45. Kf1 e3 $1) 45... Kg4 (45... e3 46. f3 $1 Qh1+ 47. Ke2 Qg2+ 48.
Kxe3 Qg1+ $11) 46. Qf6 $132) 43... Qf3+ 44. Ke1 e3 $1 45. fxe3 Qxe3+ 46. Kd1 $8
(46. Kf1 Qf3+ {/\Qg3-/+}) 46... Qd4+ $5 (46... Qd3+ $6 47. Bd2 Qf1+ 48. Be1 $11
) 47. Qxd4 cxd4 48. Bb4 $6 ({Despite all the progress Black has made White
still could have held the game with} 48. Bb6 $142 Ke5 (48... Ke4 49. c5 $1 Nf5
50. c6 Ne3+ 51. Ke1 Nxd5 52. Bd8 g4 53. a4 Kd3 54. c7 Nb6 55. a5 $11) 49. Ke2
Ng4 50. Kd3 Nf2+ 51. Ke2 Ne4 52. Kd3 $11) 48... Nf7 49. Kc2 (49. c5 dxc5 50.
Bxc5 Ke5 $17 {/-+}) 49... Ke4 50. Bd2 Ne5 $1 (50... g4 $2 51. Bf4 $22 d3+ 52.
Kc3 $18) 51. Bxg5 $2 (51. Kb3 $142 $1 Kd3 (51... Nf3 52. Bb4 d3 53. Bxd6 Nd2+
54. Kc3 Nb1+ (54... Nxc4 55. Be7 d2 56. Kc2 g4 57. d6 Ke3 58. d7 Ke2 59. d8=Q
Ne3+ 60. Kb3 d1=Q+ 61. Qxd1+ Nxd1 62. Kb4 $11) 55. Kb2 d2 56. Kc2 Ke3 57. Bb4
Na3+ (57... Ke2 58. Bxd2 Nxd2 59. d6 Nf3 60. Kc3 $18) 58. Kd1 Nxc4 59. Bxd2+ $1
$18) (51... g4 52. Bf4 $11) 52. Bxg5 Nxc4 53. Bf4 $15) 51... Nxc4 52. Bd2 (52.
Bf4 Kxd5 53. g4 Ke4 {/\Ne3-+}) 52... Ne5 53. Kb3 Kxd5 $17 54. Bb4 Ng4 55. Kc2
Nf2 56. Be1 Ne4 57. g4 (57. Kd3 Nc5+ 58. Ke2 Ke4 $17) 57... Kc4 58. Bd2 d3+ 59.
Kc1 Kd4 60. g5 Ke5 61. Kd1 (61. Be3 d5 62. Kd1 Kf5 63. Ke1) 61... d5 62. Kc1 $2
{The final mistake, which loses immediately.} (62. Be3 d4 63. Bc1 Kf5 (63...
Nc3+ 64. Kd2 Nxa2 65. Ba3 $11) 64. Bb2 Kxg5 65. Bxd4 Kf4 $17 {/-+}) 62... d4
63. Kd1 Kf5 $22 64. Kc1 Nxg5 $19 65. Bxg5 Kxg5 66. Kd2 Kf5 67. Kxd3 Ke5 0-1

[Event "Ciocaltea Memorial"]
[Site "Bucharest"]
[Date "2000.03.09"]
[Round "6"]
[White "Rogozenco, Dorian"]
[Black "Motylev, Alexander"]
[Result "1/2-1/2"]
[WhiteElo "2562"]
[BlackElo "2552"]
[Annotator "Stohl,I"]
[PlyCount "88"]
[EventDate "2000.03.13"]
[EventType "tourn"]
[EventRounds "13"]
[EventCountry "ROU"]
[EventCategory "10"]
[SourceTitle "CBM 077"]
[Source "ChessBase"]
[SourceDate "2000.07.27"]
[SourceVersion "1"]
[SourceVersionDate "2000.07.27"]
[SourceQuality "1"]

1. d4 Nf6 2. c4 g6 3. g3 Bg7 4. Bg2 O-O 5. Nc3 d6 6. Nf3 a6 7. O-O Nc6 8. d5
Na5 9. Nd2 c5 10. Qc2 Rb8 11. b3 b5 12. Bb2 Bh6 (12... e5 $5 $11) 13. f4 bxc4
14. bxc4 e5 15. dxe6 Bxe6 16. Nd5 Rxb2 17. Qxb2 Bg7 18. Qc1 Bxd5 19. cxd5 {
This still remains the crucial position of the long tactical Yugoslav line.
Taking with the pawn locks in the Bg2, but when White exchanges this B his K
is more vulnerable.} (19. Bxd5 Nxd5 20. cxd5 Qe7 21. Rb1 Qxe2 22. Qd1 Qe3+ 23.
Kh1 {Stohl,I-Kindermann,S/Bundesliga 9697/1997/} Nc4 $5 $44) 19... Ng4 20. Rb1
({Interesting, but insufficient is} 20. e4 $5 Bxa1 21. Qxa1 Qb6 22. e5 c4+ 23.
Kh1 Nf2+ 24. Rxf2 Qxf2 25. Ne4 Qc2 26. Nf6+ Kg7 27. e6 c3 28. e7 Rb8 29. Be4
Qe2 30. e8=Q Rxe8 31. Nxe8+ Kf8 32. Nf6 Ke7 33. h4 Qe3 $1 $11 {Filippov,
V-Shinkevich,V/Tomsk/1997/}) (20. Ne4 $6 Ne3 21. Rf3 Nac4 22. Rb1 Re8 23. Nd2
Nb6 24. Qa3 Bd4 25. Qxa6 Nbxd5 26. Nb3 Bg7 27. a4 c4 28. Nc1 Qe7 29. Rb7 Qe4
30. Qxd6 Qd4 31. Qd7 Rf8 32. Bf1 Qd2 $19 {Filippov,V-Fedorov,A/Minsk/1996/})
20... Ne3 $5 {Black doesn't commit his B and plays for positional compensation.
} (20... Bd4+ $143 21. Kh1 Ne3 (21... Nf2+ $2 22. Rxf2 Bxf2 23. Nf3 $5 (23. e4
Bd4 (23... Qc7 24. e5 dxe5 25. Ne4 Bd4 26. d6 Qd8 27. fxe5 Kg7 28. Nxc5 Bxe5
29. d7 Qc7 30. Nxa6 Qxd7 31. Qc5 Qd3 32. Qxe5+ f6 33. Qb5 {1-0,Wolter,
K-Stoeber,M/NRW-chT2/1993/}) (23... Be3 24. Qc3 Bd4 25. Qd3 $16) 24. Qf1 $36)
23... c4 (23... Re8 24. e4 $1 {/\} Rxe4 $2 25. Qc2 $18) 24. e4 Qc7 25. Qc2 Ba7
26. Qc3 Rb8 27. Rxb8+ Bxb8 28. h4 Ba7 29. h5 $16 {Marin,M-Istratescu,A/
Bucharest/1995/}) 22. Qa3 $5 (22. Rf3 Re8 23. Bh3 Qa8 24. Qa3 Nac4 25. Nxc4
Nxc4 26. Qd3 Qxd5 27. Bg2 Qe6 28. f5 gxf5 29. Rxf5 Ne5 30. Rg5+ Kh8 31. Qe4 Ng6
32. Qxe6 Rxe6 {Zhang Zhuoya-Sebenik,M/Cannes/1997/} 33. Bf3 $14) 22... Re8 23.
Qd3 Qa8 24. Bf3 Nxf1 25. Nxf1 Qa7 (25... Rb8 26. Rxb8+ Qxb8 27. e3 $1 (27. Qxa6
Qb1 (27... Qc7 $2 28. e3 Bf6 29. Nd2 c4 30. Ne4 Be7 31. Nc3 $16 {Antunes,
A-Izeta Txabarri,F/Tunis/1997/}) 28. Kg2 c4 29. Qa8+ Kg7 30. Qxa5 c3 31. Qa4
Bc5 32. Be4 Qe1 33. e3 Qe2+ 34. Kg1 Bxe3+ 35. Nxe3 Qxe3+ 36. Kf1 f5 $1 $11 {
Yusupov}) 27... Bf6 28. Qxa6 c4 29. Qxa5 Qb1 30. Kg1 c3 31. Qa6 h5 (31... c2
32. Be4 $18) 32. h4 Kg7 33. a4 Bd8 34. a5 f5 35. Qxd6 c2 36. Qd7+ Kf8 37. Qxd8+
Kg7 38. Qc7+ Kf8 39. d6 c1=Q 40. Qe7+ Kg8 41. Bd5+ {1-0, Izeta Txabarri,
F-Andrada Andrada,L/Torrevieja/1997/}) 26. Nd2 Re3 27. Qc2 $14 f5 $6 28. Qa4
Qc7 29. g4 fxg4 30. Bxg4 Kg7 31. Nf3 Bf6 32. Be6 c4 33. f5 Rxe2 34. Rg1 Rf2 35.
Qe8 {1-0,Yusupov,A-Kindermann,S/Baden-Baden/ 1992/}) 21. Re1 (21. Rf3 Re8 22.
Nf1 Nxg2 23. Kxg2 Rxe2+ 24. Rf2 Qe8 25. Rxe2 Qxe2+ 26. Kh3 Qh5+ 27. Kg2 Qxd5+
$17 {Unzicker,W-Kindermann,S/Bundesliga 9697/ 1996/}) 21... Re8 22. Bf3 Bd4
$146 (22... g5 23. fxg5 Qxg5 24. Qa3 Nec4 25. Nxc4 {1/2,Slipak,S-Tkachiev,V/
Villa Martelli/1997/} Nxc4 26. Qa4 Qe3+ (26... Re4 27. e3 $1 $18) 27. Kg2 Nd2
28. Rbd1 Bc3 $44 {~~/+/=}) 23. Kh1 h5 24. Qa3 (24. h4 Nf5 (24... Qd7 25. Kh2
Ng4+ 26. Bxg4 Qxg4 27. e3 $1 Rxe3 28. Rxe3 Bxe3 29. Qe1 $16) 25. Kg2 Be3 $44 {
/\} 26. Qc3 Bd4 27. Qc1 Be3) 24... h4 25. g4 $8 (25. Qd3 hxg3 26. hxg3 Kg7 $40)
25... Nc2 26. Qa4 ({Now with the Pf4 weakened the move from Yusupov-Kindermann
is not ideal anymore-} 26. Qd3 $2 Nxe1 27. Rxe1 Be3 {[%csl Rf4]} 28. f5 Bxd2
29. Qxd2 Nc4 $36) 26... Nxe1 27. Rxe1 Be3 28. Rd1 Bxd2 29. Rxd2 {[%csl Ra5]
Black has the usual problem in this line-the inactive Na5. But here White's >>
is sensitive and Black has a lot of <=>.} Re7 (29... Re3 $142 $5 30. Rd3 Rxd3
31. exd3 Qb6 32. Kg2 Qb2+ 33. Kh3 Qd2 $132 {/\} 34. Be4 Qe3+ 35. Kxh4 Qxf4 36.
Qxa5 Qxh2+ 37. Kg5 Qe5+ $11) (29... c4 30. e4 g5 31. fxg5 Re5 $13) 30. Rb2 Re3
31. g5 $1 Rc3 {[%cal Rc3c4,Ra5c4] /\Rc4,Nc4} 32. Rc2 $8 Rxc2 33. Qxc2 Qb6 34.
f5 Qb4 $2 (34... gxf5 35. Qxf5 Nc4 36. g6 Ne5 37. gxf7+ Nxf7 38. Bh5 $36 {
עg8,+/= exsposes Black's K and gives White some chances. In the game Black
hopes to get his counterattack going, but his K will be just as weak.}) 35.
fxg6 Nc4 (35... h3 $142 36. gxf7+ Kf8 $1 37. Qc1 Kxf7 38. Qf1 $16) 36. gxf7+
Kg7 ({More tricky was} 36... Kf8 $5 37. Qe4 $1 (37. Qg6 Qe1+ 38. Kg2 Ne3+ 39.
Kh3 Qf1+ 40. Kxh4 Qe1+ 41. Kh3 Qf1+ 42. Kg3 Qe1+ 43. Kf4 Qh4+ 44. Bg4 Ng2+ $1
45. Kf3 (45. Kf5 $4 Qf2+ 46. Ke4 Qe3+ 47. Kf5 Qe5#) 45... Ne1+ 46. Ke3 Ng2+ 47.
Kf3 $11 (47. Kd2 $4 Qe1+ 48. Kc2 Ne3+ 49. Kd3 (49. Kb3 Qb4#) 49... Qb1+ $19))
37... Ne5 38. Qh7 Qe1+ (38... Nxf7 39. g6) 39. Kg2 h3+ 40. Qxh3 Nxf3 41. Qxf3
$18) 37. Qh7+ $2 {Now Black has a perpetual.} (37. f8=Q+ $142 Kxf8 38. Qf5+ Kg8
39. Qe6+ Kg7 40. Qe7+ Kg8 41. Bg4 $18) (37. Qc1 Ne5 $5 38. g6 Nxg6 39. Qg5 Qf4
$1 $15) 37... Kxh7 38. f8=Q Qe1+ 39. Kg2 Ne3+ 40. Kh3 Qf1+ 41. Kxh4 Qf2+ 42.
Kh3 Qf1+ 43. Kg3 Qe1+ 44. Kh3 (44. Kf4 Qh4+ $1 45. Bg4 $8 (45. Kxe3 Qd4#) 45...
Qf2+ (45... Qxg4+ $2 46. Kxe3 Qxg5+ 47. Qf4 $16 {/\} Qxd5 48. Qe4+ Qxe4+ 49.
Kxe4 Kg6 50. Kd5 Kg5 51. e4 Kf4 52. h4 (52. a4 $2 c4 53. Kxc4 Kxe4 $11) 52...
Kg4 53. e5 dxe5 54. Kxe5 Kxh4 55. Kd5 Kg5 56. Kxc5 Kf6 57. Kb6 $18) 46. Bf3
Qh4+ $11) 44... Qf1+ 1/2-1/2

[Event "RUS-chT 07th"]
[Site "Smolensk"]
[Date "2000.04.24"]
[Round "10"]
[White "Filippov, Valerij"]
[Black "Motylev, Alexander"]
[Result "1-0"]
[WhiteElo "2584"]
[BlackElo "2552"]
[Annotator "Stohl,I"]
[PlyCount "78"]
[EventDate "2000.04.15"]
[EventType "team-tourn"]
[EventRounds "11"]
[EventCountry "RUS"]
[SourceTitle "CBM 077"]
[Source "ChessBase"]
[SourceDate "2000.07.27"]
[SourceVersion "1"]
[SourceVersionDate "2000.07.27"]
[SourceQuality "1"]
[WhiteTeam "Tomsk 400"]
[BlackTeam "Nizhny Tagil Politekhnik"]
[WhiteTeamCountry "RUS"]
[BlackTeamCountry "RUS"]

1. Nf3 Nf6 2. c4 g6 3. d4 Bg7 4. g3 O-O 5. Bg2 d6 6. Nc3 a6 7. O-O Nc6 8. d5
Na5 9. Nd2 c5 10. Qc2 Rb8 11. b3 b5 12. Rb1 Qc7 {This quite a plausible move,
but it's slightly passive.} ({The alternatives} 12... e5) (12... h5 $5) (12...
Bh6 {Filippov,V (2584)-Bologan,V (2589) Sufe Cup Shanghai 2000 (8) 0-1 are
treated in more detail in the CBM 76 in the game}) 13. Bb2 (13. cxb5 $2 axb5
14. b4 cxb4 15. Rxb4 Nxd5 $17) (13. Nd1 $5 e6 14. e4 bxc4 15. bxc4 Rxb1 16.
Nxb1 (16. Qxb1 exd5 17. cxd5 Bd7 18. Qc2 Re8 19. Ne3 Ng4 20. Nxg4 Bxg4 21. Bb2
Rb8 22. Bxg7 Kxg7 23. Qc3+ f6 24. h3 Bd7 25. f4 c4 26. e5 $5 $44 {Fend,
J-Schmelzeisen,H/OL 9495/1995/}) 16... exd5 17. cxd5 Bd7 18. Bb2 Rb8 19. Nd2 c4
20. Bc3 Ng4 21. Bxg7 Kxg7 22. Qc3+ f6 23. h3 Ne5 24. Ne3 $36 {Hulak,K-Basagic,
Z/Pula/1990/}) (13. e4 Bd7 14. Bb2 e5 15. Nd1 bxc4 16. bxc4 Bh6 17. f4 Nh5 18.
fxe5 dxe5 19. Nf3 f6 20. Ra1 Ng7 21. Qd3 Ne8 22. Bc1 Bxc1 23. Rxc1 Nd6 $15 {
Schinzel,W-Szymczak,Z/Poznan/1976/}) (13. h3 e5 14. dxe6 Bxe6 (14... fxe6 $142
$5 $13) 15. Nd5 Nxd5 16. cxd5 Bd7 17. Bb2 Rbe8 18. Bxg7 Kxg7 19. Qc3+ f6 20.
Rfe1 Nb7 21. Rbc1 Qc8 22. Kh2 Qd8 23. e4 Kg8 24. f4 Qe7 25. Nf3 Qg7 26. Re3 Re7
27. Rce1 $14 {/+/-,Goczo,M-Cedikova,K/Ostrava ztW/1999/}) 13... Bd7 (13... bxc4
$142 14. bxc4 Bf5 15. e4 Bd7 16. h3 (16. f4 $5 {/\} Rb4 17. a3 Rxc4 18. Nxc4
Nxc4 19. Bc1 Qa5 20. Qb3 Ng4 21. Qxc4 Bxc3 22. Qe2 $14) 16... e5 17. Ne2 Rb4 (
17... Nh5 $6 18. Bc3 f5 19. Rxb8 Rxb8 20. f4 exf4 21. Bxg7 Nxg7 22. Nxf4 Qb6
23. Nd3 Re8 24. Qc3 Nb7 25. Rb1 Qa5 26. Qxa5 Nxa5 27. Rb6 fxe4 28. Nxe4 $16 {
Rogozenko,D-Florean,A/Eforie Nord/1998/}) 18. a3 Ba4 19. Qd3 Rbb8 20. Bc3 Nd7
21. Rxb8 Rxb8 22. Rb1 Rxb1+ 23. Qxb1 Nb7 24. Nc1 Qb6 25. Ncb3 Bh6 26. Bf1 Bxd2
27. Nxd2 Qxb1 28. Nxb1 Bc2 29. Nd2 Nb6 30. f4 f6 $11 {Georgiev,K-Milov,V/
FIDE-Wch Groningen/1997/}) (13... Bf5 14. e4 Bd7 15. f4 $5 {Seems risky, but
perhaps the best move} (15. Ne2 bxc4 16. bxc4 Rb4 17. Bc3 Ra4 18. Ba1 Rb8 19.
Nf4 Rab4 20. Nd3 Ba4 21. Qc1 Rxb1 22. Nxb1 Ne8 23. Nd2 Bxa1 24. Qxa1 Bc2 25.
Ne1 Ba4 26. Nd3 Bc2 27. Ne1 Ba4 28. Qc1 e5 29. Nd3 f6 30. Qc3 Bd7 31. f4 $14 {
(),[+],Gaprindashvili,V-Jenni,F/WChJ Yerevan/1999/}) (15. Rbe1 bxc4 16. bxc4 e6
17. f4 $6 Ng4 18. Nd1 Rxb2 $1 19. Nxb2 exd5 20. Nd1 Bd4+ 21. Kh1 Nxc4 22. Nxc4
dxc4 23. h3 Nf6 24. Ne3 c3 $17 {Raspor,G-Sebenik,M/Bled op/1999/}) (15. h3 e5 {
-see above}) 15... bxc4 16. bxc4 e5 17. Qd3 exf4 18. gxf4 Ng4 19. Nd1 Rxb2 20.
Rxb2 Bd4+ 21. Kh1 Bxb2 22. Nxb2 Rb8 23. Qc3 Qd8 24. h3 Qh4 25. Nd1 $16 {
Gasparian,N-Tchouroun,P/Murek/1998/}) (13... e5 14. e4 Ng4 15. h3 Nh6 16. Ne2
f5 17. cxb5 axb5 18. f4 Nf7 19. Kh2 b4 20. exf5 Bxf5 21. Be4 Bd7 22. fxe5 Nxe5
23. Nf4 Rbe8 24. Rbe1 Qc8 25. Bg2 Bf5 26. Ne4 Nb7 $11 {Hulak,K-Ljubicic,F/Pula/
1992/}) (13... Bh6 $6 14. f4 bxc4 15. bxc4 Rb4 16. a3 Rb7 17. e4 Bd7 18. Ba1
Rfb8 19. Rxb7 Rxb7 20. e5 Bf5 21. Nce4 Bxe4 22. Bxe4 Ne8 23. Bc3 Rb8 24. Qa4
Nb7 25. Nf3 a5 26. Rb1 Bg7 27. Qc6 {1-0,Cvitan,O-Coenen,N/Cappelle la Grande/
1995/}) 14. h3 (14. Ba1 bxc4 15. bxc4 Rb4 16. a3 Rxb1 17. Rxb1 Rb8 18. Rxb8+
Qxb8 19. Nd1 Qb6 20. Bc3 Nb7 21. h3 Nd8 22. Kh2 Ne8 23. Be4 Bxc3 24. Qxc3 Nf6
25. Bd3 Ne8 26. f4 Qc7 27. Nf3 f5 28. e4 $14 {Casafus,R-Ginting,N/Dubai olm/
1986/}) 14... bxc4 15. bxc4 e5 (15... Rb4 16. Ba3 Rxb1 17. Ncxb1 Rb8 18. Nc3 h6
19. e4 Nh7 20. Kh2 Qc8 21. f4 e5 22. dxe6 Bxe6 23. Nd5 Bxd5 24. cxd5 Qd7 25.
Re1 Re8 26. Rb1 $16 {Sandler,L-Wright,I/Suncoast/1999/}) 16. e4 (16. dxe6 fxe6
$5 (16... Bxe6 17. Nd5 $14) 17. Rfd1 Nc6 $132) 16... Nh5 $6 {With the b-file
open Black hardly has realistic chances for a >> attack, the N doesn't belong
here.} (16... Rb4 $142) 17. Ne2 Rb4 (17... f5 18. Bc3 $5 (18. exf5 Bxf5 19. Ne4
Rb4 20. Bc3 Rxb1 21. Rxb1 Nxc4 22. Qa4 Bxe4 23. Bxe4 Qf7 $13) 18... fxe4 (18...
f4 19. Rxb8 Rxb8 20. gxf4 $36) 19. Rxb8 Rxb8 20. Qxe4 $14) 18. a3 Ba4 19. Qd3
Rb7 20. Bc3 Rfb8 21. Rxb7 Rxb7 22. f4 $1 $36 {[%csl Ra4,Rh5][%mdl 128] By
deflecting Black's forces to the b-file White himself starts a >> attack. The
Nh5 and Ba4 are misplaced.} Nb3 (22... exf4 23. Bxg7 (23. gxf4 Nb3 24. Nf3 Bxc3
25. Qxc3 Qa5 $132) 23... Nxg7 (23... f3 24. Bxf3 Nxg7 25. e5 $16) 24. gxf4 {
/\e5|^}) 23. fxe5 Bxe5 (23... Nxd2 24. Qxd2 (24. exd6 Qxd6 25. Qxd2 Nxg3 $11)
24... Bxe5 25. Bxe5 dxe5 26. g4 Ng7 27. Nc3 {-23...Be5}) (23... dxe5 24. g4 Nf6
25. d6 {/\} Qc6 26. Bxe5 Nxd2 27. Qxd2 Nxe4 28. Qf4 $18) 24. Bxe5 dxe5 25. g4
Ng7 (25... Nf4 26. Nxf4 exf4 27. d6 {[%cal Re4e5] /\e5+-}) 26. Nc3 $6 (26. d6
$1 {/\} Qa5 27. Rb1 $18) 26... Nxd2 27. Qxd2 Qa5 $1 $13 (27... Bb3 28. d6 Qd7
29. Nd5 Ne8 30. Ne7+ Kg7 31. Qd5 $18) 28. d6 {[%cal Rd2d5] /\Qd5} Bc6 29. Qe3
Qxa3 (29... Ne8 $1 30. Nd5 (30. Rd1 Qxa3 $17) 30... Nxd6 31. Nf6+ Kg7 32. Qg5
Nxc4 33. Nh5+ Kf8 34. Qh6+ Ke7 35. Qg5+ $11 Kd7 $6 36. Rxf7+ Ke8 37. Rxh7 $1) (
29... Rb3 30. Qf2 Rb7 31. Nd5 (31. Qe3 $11) 31... Bxd5 32. exd5 Qxa3 33. Qf6
Qe3+ 34. Kh2 Rd7 35. Rb1 $44) 30. Qg3 Qb3 $6 (30... Rb3 $142 31. Qf2 $11 (31.
Qxe5 Rxc3 32. Qe7 h6 33. d7 (33. Rxf7 Qa1+ (33... Rc1+ $2 34. Kh2 Qb2 35. d7
Bxd7 36. e5 $1 Ne6 37. Qf6 $16) 34. Kh2 Rc2 {/\} 35. d7 Bxd7 36. e5 Rxg2+ 37.
Kxg2 Bc6+ $19) 33... Bxd7 34. Qxd7 Rc2 $132) 31... f5 $2 32. exf5 Rxc3 33. Bxc6
$16) 31. Qxe5 Qxc4 32. Nd5 $1 Kf8 (32... Bxd5 33. d7 $1 Ne6 (33... Rxd7 34.
Qb8+ $18) 34. exd5 Rxd7 35. dxe6 Qxe6 36. Qxe6 (36. Qxc5 $16) 36... fxe6 37.
Ra1 Rd6 38. Bf1 $18) (32... Qd4+ 33. Qxd4 cxd4 34. Ne7+ Rxe7 35. dxe7 $16) 33.
Nf6 Qd4+ $2 {Now the attack triumphs.} (33... Ne6 $8 34. Nxh7+ Kg8 35. Nf6+ Kf8
36. Rd1 (36. d7 $2 Qd4+ 37. Qxd4 cxd4 38. e5 Bxg2 39. Kxg2 Ke7 $15) 36... Qc2
$132) 34. Qxd4 cxd4 35. Rc1 $18 {Now Black's K is trapped in a mating net.} Ne8
(35... Bd7 36. e5 $18) (35... Ba4 36. Rc8+ Ne8 37. e5 Rb1+ 38. Kh2 Rb2 39. Nxe8
Bd7 40. Rd8 Bc6 41. Nf6+ Kg7 42. Kg3 Rxg2+ 43. Kh4 Kh6 44. g5+ Rxg5 45. Ng8+
$18) 36. Nxe8 Bxe8 37. Rc8 d3 38. Kf2 d2 (38... f6 39. e5 d2 40. Ke2 Rb1 41.
Kxd2 Rb2+ 42. Kc3 Rxg2 43. d7 $18) 39. Ke2 Rd7 (39... Rd7 40. e5 {[%cal Rg2c6]
/\Bc6+-}) 1-0